Ekonomické odpisy - lekcie z regulácie
Kritériá pre výber odpisovacej metódy. Účtovné odpisovacie metódy. Anuitná metóda. Ekonomické odpisovacie metódy. Metóda znížených reprodukčných nákladov. Naklonená anuitná metóda. Odpisy a vyváženosť zariadenia. Premenlivé cenové trendy.
Salvato in:
| Autore principale: | |
|---|---|
| Natura: | Capitolo di libro |
| Lingua: | slovacco |
| Soggetti: | |
| Tags: |
Nessun Tag, puoi essere il primo ad aggiungerne!!
|
MARC
| LEADER | 00000naa$a2200000$$$4500 | ||
|---|---|---|---|
| 001 | 0030275 | ||
| 005 | 20231106074801.4 | ||
| 041 | 0 | |a slo | |
| 044 | |a SK | ||
| 245 | 1 | 0 | |a Ekonomické odpisy - lekcie z regulácie |c Radoslav Tausinger |
| 520 | |a Kritériá pre výber odpisovacej metódy. Účtovné odpisovacie metódy. Anuitná metóda. Ekonomické odpisovacie metódy. Metóda znížených reprodukčných nákladov. Naklonená anuitná metóda. Odpisy a vyváženosť zariadenia. Premenlivé cenové trendy. | ||
| 610 | 2 | 0 | |a odpisy |
| 610 | 2 | 0 | |a odpisy účtovné |
| 610 | 2 | 0 | |a metódy |
| 610 | 2 | 0 | |a anuita |
| 610 | 2 | 0 | |a optimalizácia |
| 610 | 2 | 0 | |a náklady |
| 610 | 2 | 0 | |a amortizácia |
| 610 | 2 | 0 | |a obstarávanie |
| 100 | 1 | |a Tausinger, Radoslav | |